00497nam a2200145Ia 4500008004100000100002400041245014100065245002400206260003500230260000900265300002500274500000900299650002300308650002000331170224s9999 xx 000 0 und d aFeng Wu & Hong Zhao aHow to respond to journalists’ questions? A new perspective on Chinese premiers’ aggressiveness at press conferences (1993–2015)  cFeng Wu & Hong Zhao bAsian Journal of Communication c2016 a26:5, Pages: 446-465 a2016 xCommunication Arts xMultimedia Arts